Minecraft Biomes - Statistics

General Stats
  • This quiz has been taken 38 times
    28 since last reset
  • The average score is 35 of 65
Answer Stats
Answer % Correct
Plains
92%
Savanna
88%
Birch Forest
84%
Desert
84%
The End
84%
Warm Ocean
84%
Badlands
80%
Forest
80%
Jungle
80%
Ocean
80%
Cold Ocean
76%
Taiga
76%
Beach
72%
Crimson Forest
72%
Swamp
72%
Warped Forest
72%
Dark Forest
68%
Mangrove Swamp
68%
River
68%
Deep Dark
64%
Flower Forest
64%
Frozen Ocean
64%
Ice Spikes
64%
Meadow
64%
Lukewarm Ocean
60%
Snowy Plains
60%
Bamboo Jungle
56%
Cherry Grove
56%
Deep Ocean
56%
Dripstone Caves
56%
Lush caves
56%
Nether Wastes
56%
Soul Sand Valley
56%
Basalt Deltas
52%
Snowy Taiga
52%
Frozen River
48%
Jagged Peaks
48%
Pale Garden
48%
Stony Shore
48%
Deep Frozen Ocean
44%
Deep Lukewarm Ocean
44%
Old Growth Spruce Taiga
44%
Snowy Slopes
44%
Wooded Badlands
44%
Deep Cold Ocean
40%
Grove
40%
Mushroom Fields
40%
Sunflower Plains
40%
End Midlands
36%
Old Growth Birch Forest
36%
Old Growth Pine Taiga
36%
Small End Islands
36%
Snowy Beach
36%
Sparse Jungle
36%
Stony Peaks
36%
End Highlands
32%
Eroded Badlands
32%
Frozen Peaks
32%
The Void
32%
Windswept Savanna
32%
Savanna Plateau
28%
Windswept Hills
28%
End Barrens
24%
Windswept Forest
24%
Windswept Gravelly Hills
24%
No matching quizzes found
Score Distribution
Percent of People with Each Score
Percentile by Number Answered
Your Score History
You have not taken this quiz since the last reset